In Forma Di Rosa Poesia

Պահպանված է:
Մատենագիտական մանրամասներ
Հիմնական հեղինակ: Pier Paolo Pasolini
Ձևաչափ: Գիրք
Լեզու:Undetermined
Հրապարակվել է: Garzanti
Ցուցիչներ: Ավելացրեք ցուցիչ
Չկան պիտակներ, Եղեք առաջինը, ով նշում է այս գրառումը!

MARC

LEADER 00000nam a2200000Ia 4500
001 R-156
003 CODICE-MESSINA
005 20260212102447.0
008 260211s9999 xx 000 0 und d
040 |c importazione_messina 
100 |a Pier Paolo Pasolini 
245 0 |a In Forma Di Rosa 
245 0 |b Poesia 
260 |b Garzanti 
942 |2 ddc  |c BK 
952 |0 0  |1 0  |2 ddc  |4 0  |6 SCAFFALE_2_000000000000000__ARTE  |7 0  |9 30977  |a ME  |b ME  |d 2026-02-11  |l 0  |o SCAFFALE 2 - ARTE  |p R-156  |r 2026-02-11 23:52:15  |w 2026-02-11  |x [REVISIONARE]  |y BK 
999 |c 26639  |d 26639